|
|
|
|
| LEADER |
00000nam0a2200000 4500 |
| 001 |
316512 |
| 005 |
20231102002901.0 |
| 010 |
|
|
|a 9785991205931
|
| 035 |
|
|
|a (RuTPU)RU\TPU\book\341963
|
| 090 |
|
|
|a 316512
|
| 100 |
|
|
|a 20160323d2016 km y0rusy50 ca
|
| 101 |
0 |
|
|a rus
|
| 102 |
|
|
|a RU
|
| 105 |
|
|
|a a z 001zy
|
| 200 |
1 |
|
|a Детекторные приемники - вчера, сегодня и завтра
|f В. Г. Бартенев
|
| 210 |
|
|
|a Москва
|c Горячая линия-Телеком
|d 2016
|
| 215 |
|
|
|a 146 с.
|c ил.
|
| 225 |
1 |
|
|a Массовая радиобиблиотека
|v Вып. 1286
|
| 320 |
|
|
|a Библиогр.: с. 143-144
|
| 330 |
|
|
|a Книга посвящена истории детекторных радиоприемников, в которой центральной фигурой выступает наш соотечественник А. С. Попов - изобретатель первого в мире детекторного радиоприемника, запатентованного в России, Англии, Франции, Испании, Швейцарии и США. Рассмотрены исторические этапы развития детекторного приема - от бурного взлета в довоенный и послевоенный периоды, когда с появлением сети мощного радиовещания, развитием радиоэлектроники и элементной базы детекторный приемник имел массовое распространение, до наших дней. Рассказывая об истории детекторных приемников, автор в первую очередь повествует о людях - ученых, конструкторах, радиоинженерах, организаторах производства, которые развивали эту технику и создавали радиоэлектронную отрасль страны. И, наконец, дается ответ на вопрос: каковы перспективы развития детекторного радиоприема в наши дни? Для широкого круга читателей - всех, кому интересна история отечественной радиотехники.
|
| 606 |
1 |
|
|a Радиоприемники
|2 stltpush
|3 (RuTPU)RU\TPU\subj\22951
|9 47623
|
| 610 |
1 |
|
|a детекторные радиоприемники
|
| 610 |
1 |
|
|a история
|
| 610 |
1 |
|
|a распространение
|
| 610 |
1 |
|
|a радиотехника
|
| 610 |
1 |
|
|a Россия
|
| 610 |
1 |
|
|a перспектива
|
| 675 |
|
|
|a 621.396.62
|v 4
|
| 700 |
|
1 |
|a Бартенев
|b В. Г.
|g Владимир Григорьевич
|
| 801 |
|
1 |
|a RU
|b 63413507
|c 20160323
|
| 801 |
|
2 |
|a RU
|b 63413507
|c 20160520
|g RCR
|
| 900 |
|
|
|a Радио и связь
|
| 900 |
|
|
|a Радиотехника
|
| 942 |
|
|
|c BK
|
| 959 |
|
|
|a 31/20160318
|d 1
|e 0
|f ЧЗТЛ:1
|